| 000 | 00382nam a2200145Ia 4500 | ||
|---|---|---|---|
| 008 | 150201s2007 xx 000 0 und d | ||
| 082 |
_a617.6 _bD2007B |
||
| 100 | _aBANSAL PARVEEN | ||
| 245 | _aDENTAL MATERIALS (QUESTIONS & ANSWERS ) | ||
| 250 | _a1ST | ||
| 260 |
_bC.B.S PUBLISHERS & DISTRIBUTERS _aDELHI _c2007 |
||
| 300 | _a1-210 | ||
| 650 | _aDENTAL MATERIAL | ||
| 942 |
_2ddc _cBK |
||
| 999 |
_c3789 _d3789 |
||